4. La chenille - Statistiques

Statistiques générales
  • Ce quiz a été pris 6 fois
  • Le résultat moyen est 4 sur 15
Statistiques - réponses
Questions Réponses % Correct
Mon cher Watson Élémentaire
100%
Une Corday devant la baignoire Charlotte
60%
Carburant pour l'homme d'Olive Epinard
60%
Pays anciennement "Gold Coast" Ghana
60%
Ike Eisenhower
40%
Pales d'un hélicoptère Rotor
40%
Elogieux Dithyrambique
20%
Style musical rock 'n' roll des années 50 Rockabilly
20%
S'accorde bien avec le patchouli Ylang ylang
20%
"Paris vaut bien une messe" n'était pas la meilleure chose à lui dire Agrippa d'Aubigné
0%
Résultat, qui peut faire fabuler Toinette auprès d'Argan Diagnostic
0%
Dans Secret Story, il est resté célèbre pour son "Soyez forts !" Eddy
0%
Humanisme pour l'homme à l'origine de la Critique de la Raison Dialectique Existentialisme
0%
Prénom du candidat des Douze Coups de Midi qui a détrôné Sylvain lors de sa 75e participation Fernand
0%
Be you, be proud of you because... You can be do what we want to do
0%
Aucun quiz correspondant
Distribution des résultats
% des personnes avec chaque résultat
Percentile par nombre de réponses
Votre historique - résultats
Vous n’avez pas pris ce quiz